000 00578nam a2200217Ia 4500
003 OSt
005 20220928135858.0
006 a|||||r|||| 00| 0
007 ta
008 220927b |||||||| |||| 00| 0 eng d
024 _a5302
037 _cTextual
040 _aSDCL
_cSDCL
_beng
041 _2eng
_aeng
082 _aO-,2J64:g, K1
100 _aHolloway John
_9449143
245 0 _aStudy of the night
_b Studies in Shakespeare's major tragedies.
260 _c1961
942 _hO-,2J64:g, K1
_cTEXL
_2CC
999 _c808782
_d808782